00518nam a22001697a 450000500170000001000150001702000260003203500140005803700090007208200080008110000170008924500750010626000350018127000950021630000200031170000170033120260319141423.0 aENG-147947 a9789355640918c575.00 aEN-131479 bDBAD a954 aSingh Deepak aIndia @ 75 History Post Independence India /cDeepak Singh hEnglish aNew Delhi bDisha Publication  a45, 2nd Floor, Maharishi Dayanand Marg, Corner Market, Malviya Nagar, bNew Delhi e110017 a384p.c29cm(Pb) aSingh Deepak